Najveća jezera Hrvatske - Statistics

General Stats
  • This quiz has been taken 224 times
  • The average score is 3 of 10
Answer Stats
Površina (km2) Naziv jezera % Correct
prirodno 5,8 Vransko jezero na Cresu
94%
prirodno 30,7 Vransko jezero
93%
umjetno 13,0 Peruća
60%
umjetno 17,1 Dubravsko jezero
21%
umjetno 10,1 Varaždinsko jezero
21%
prirodno 11,1 Prokljansko jezero
20%
umjetno 2,1 Lokvarsko jezero
19%
umjetno 2,5 Borovik
7%
prirodno 1,5-3,5 Kopačevsko jezero
5%
umjetno 3,9 Krušćičko jezero
5%
No matching quizzes found
Score Distribution
Percent of People with Each Score
Percentile by Number Answered
Your Score History
You have not taken this quiz